MasterCAM: Phần mềm thiết kế công nghệ CAD CAM điều khiển các máy CNC

Saved in:
Bibliographic Details
Main Author: Trần Vĩnh Hưng
Format: Book
Language:Vietnamese
Published: Khoa học Kỹ Thuật 2007
Subjects:
CAD
CAM
CNC
Tags: Add Tag
No Tags, Be the first to tag this record!
Institutions: Mạng thư viện Đại học Đà Nẵng
LEADER 01044nam a2200337 a 4500
001 000001988
003 03472
005 20171229145311.0
008 171229s2007 vie
040 |a LSK 
041 0 |a VIE 
082 0 |a 670.285  |b TR-H 
100 1 |a Trần Vĩnh Hưng 
245 0 0 |a MasterCAM: Phần mềm thiết kế công nghệ CAD CAM điều khiển các máy CNC 
260 |b Khoa học Kỹ Thuật  |c 2007 
300 |a 370 pages  |c 27 cm. 
653 |a CAD 
653 |a CAM 
653 |a CNC 
852 |a Phòng Đọc 
901 |a 1 
927 |a Sách chuyên khảo 
OWN |a LSK 
AVA |a UDN50  |b LSK  |d 670.285 TR-H  |e available  |t Error 5001 Not defined in file expand_doc_bib_avail.  |f 1  |g 0  |h N  |i 0  |k 1 
999 |a From the UDN01 
AVA |a UDN50  |b LSK  |d 670.285 TR-H  |e available  |t Error 5001 Not defined in file expand_doc_bib_avail.  |f 1  |g 0  |h N  |i 0  |k 1 
TYP |a Monograph 
TYP |a Printed language 
980 |a Mạng thư viện Đại học Đà Nẵng